000 01950mam a2200289 a 4500
001 1999343
003 ARRUPE
005 20131219163034.0
008 961108s1997 nyu 000 1 eng
010 _a 96048601
020 _a9781841955957
035 _a(OCoLC)ocm35986274
040 _aDLC
_cDLC
_dYDX
_dPFO
_dOrLoB-B
050 0 0 _aPR9348
_b .L334 1997
082 0 0 _a808.83/10896
_221
245 0 0 _aUnder African skies :
_bmodern African stories /
_cedited and with an introduction by Charles R. Larson.
260 _aNew York :
_bFarrar, Straus and Giroux,
_c1997.
300 _axix, 375 p. ;
_c24 cm.
505 0 0 _tThe Complete Gentleman /
_rAmos Tutuola --
_tThe Eyes of the Statue /
_rCamara Laye --
_tSarzan /
_rBirago Diop --
_tBlack Girl /
_rSembene Ousmane --
_tPapa, Snake & I /
_rLuis Bernardo Honwana --
_tA Meeting in the Dark /
_rNgugi wa Thiong'o --
_tA Handful of Dates /
_rTayeb Salih --
_tMrs. Plum /
_rEs'kia Mphahlele --
_tTekayo /
_rGrace Ogot --
_tTwo Sisters /
_rAma Ata Aidoo --
_tGirls at War /
_rChinua Achebe --
_tThe Prisoner Who Wore Glasses /
_rBessie Head --
_tIn the Hospital /
_rSimilih M. Cordor --
_tThe True Martyr Is Me /
_rRene Philombe --
_tInnocent Terror /
_rTijan M. Sallah --
_tAfrica Kills Her Sun /
_rKen Saro-Wiwa --
_tAfrika Road /
_rDon Mattera --
_tWhy Don't You Carve Other Animals /
_rYvonne Vera --
_tThe Magician and the Girl /
_rVeronique Tadjo --
_tA Prayer from the Living /
_rBen Okri --
_tEffortless Tears /
_rAlexander Kanengoni --
_tGive Me a Chance /
_rMzamane Nhlapo --
_tTaken /
_rSteve Chimombo --
_tI'm Not Talking About That, Now /
_rSindiwe Magona --
_tMy Father, the Englishman, and I /
_rNuruddin Farah --
505 8 0 _tA Gathering of Bald Men /
_rMandla Langa.
650 0 _aShort stories, African.
_96083
650 0 _aAfrican fiction
_y20th century.
_96084
650 0 _aShort stories, African
_vTranslations into English.
_96085
700 1 _aLarson, Charles R.
_96086
942 _2lcc
_cMONOGRAPH
999 _c119388
_d119388